How's Life? 2017 Measuring Well-Being

Guardado en:
Detalles Bibliográficos
Formato: Libro
Lenguaje:inglés
Publicado: Paris OECD 2017
Materias:
Etiquetas: Agregar Etiqueta
Sin Etiquetas, Sea el primero en etiquetar este registro!

MARC

LEADER 00000nam a2200000 4500
001 0242509
005 20221221133844.9
020 |a 978-92-64-26557-8 
022 |a 2308-9660 
041 0 |a eng 
044 |a FR 
245 1 0 |a How's Life? 2017  |b Measuring Well-Being 
264 1 |a Paris  |b OECD  |c 2017 
300 |a 403 s. 
610 2 0 |a úroveň životná 
610 2 0 |a situácia hospodárska 
610 2 0 |a situácia sociálna 
610 2 0 |a ukazovatele ekonomické 
610 2 0 |a kvalita života 
610 2 0 |a obyvateľstvo 
610 2 0 |a migrácia 
610 2 0 |a podmienky životné 
610 2 0 |a porovnanie štatistické medzinárodné